000 00231nam a2200097Ia 4500
008 240331s9999 xx 000 0 und d
082 _bSEA
100 _aSeager, J
245 0 _aWomen in the world :
_ban International atlas
942 _cL
999 _c1702
_d1702